000 00782nam a2200217Ii 4500
003 JO-AjNU
008 230605s9999||||xx |||||||||||||| ||und||
017 _a2021/6/3189
040 _aJO-AjNU
_bara
_erda
_cJO-AjNU
041 _aara
050 1 4 _aKMM51.2.Q3334.2021
100 3 _aالقضاة، احمد مصطفى علي,
_eauthor
_962181
245 0 0 _aدراسات في قانون الاحوال الشخصية الاردني رقم(15) لسنة 2019م
250 _aالطبعة الاولى
264 3 1 _aعمان: المؤلف، 2021
300 _a224ص
336 _atext
_btxt
_2rdacontent
337 _aunmediated
_bn
_2rdamedia
338 _avolume
_bnc
_2rdacarrier
650 4 _aقانون الاحوال الشخصية-قانون الاسرة- الاردن
_962182
999 _aA28145
_c31713
_d31713